[Event "ch-Frankfurt A"]
[Site "Frankfurt Main"]
[Date "2025.04.28"]
[Round "1.33"]
[White "Fernengel, Rudolf"]
[Black "Grünzig, Matthias"]
[Result "1-0"]
[WhiteElo "1882"]
[BlackElo "1687"]
[PlyCount "151"]
[EventDate "2025.04.28"]
[EventType "swiss"]
[EventRounds "7"]
[EventCountry "GER"]
[WhiteTeam "SC 1910 Höchst"]
[BlackTeam "FV Berkersheim"]

1. d4 d5 2. Nf3 Bf5 3. Nbd2 e6 4. c4 c6 5. Qb3 Qb6 6. e3 Qxb3 7. Nxb3 Bb4+ 8. Bd2 Bxd2+ 9. Nbxd2 h6 10. Ne5 Nf6 11. Be2 Nbd7 12. Ndf3 O-O 13. Rc1 Rad8 14. cxd5 exd5 15. O-O Nxe5 16. Nxe5 Rfe8 17. Rfd1 Nd7 18. Nxd7 Rxd7 19. Rc5 a6 20. b4 Rde7 21. a4 Bd7 22. g3 g6 23. Rdc1 Rd8 24. Ra5 Be8 25. b5 axb5 26. axb5 cxb5 27. Bxb5 Bxb5 28. Rxb5 Red7 29. Kf1 Kf8 30. Ke2 Ke7 31. Kd3 h5 32. Rcc5 Kf8 33. Ke2 Kg7 34. Kf3 f6 35. Kf4 Kf7 36. h3 Kg7 37. g4 hxg4 38. hxg4 Kf7 39. Rb6 Kg7 40. Rcb5 Rb8 41. g5 Kf7 42. Rxf6+ Kg7 43. Ke5 Re8+ 44. Re6 Rf8 45. Rf6 Re8+ 46. Kf4 Kh7 47. Rbb6 Rg8 48. Rbd6 Rgg7 49. Rxd7 Rxd7 50. Ke5 Kg7 51. Rb6 Kf7 52. Rf6+ Kg7 53. Rd6 Rf7 54. Rf6 Rc7 55. Kxd5 Rc8 56. Rb6 Rc7 57. f4 Re7 58. Re6 Rd7+ 59. Kc5 Kf7 60. Re5 Kg7 61. d5 Kf7 62. d6 Kf8 63. Re6 Kf7 64. Rf6+ Kg7 65. e4 Rd8 66. e5 Rd7 67. e6 b6+ 68. Kc6 Rd8 69. Rf7+ Kg8 70. d7 b5 71. Kxb5 Rb8+ 72. Kc6 Ra8 73. Kd6 Ra6+ 74. Ke5 Ra8 75. Kf6 Rd8 76. e7 1-0

[Event "ch-Frankfurt A"]
[Site "Frankfurt Main"]
[Date "2025.04.28"]
[Round "1.34"]
[White "Manasek, Martin"]
[Black "Bittner, Peter"]
[Result "0-1"]
[WhiteElo "1641"]
[BlackElo "1892"]
[PlyCount "100"]
[EventDate "2025.04.28"]
[EventType "swiss"]
[EventRounds "7"]
[EventCountry "GER"]
[WhiteTeam "SC Flörsheim 1921"]
[BlackTeam "SC 1961 König Nied"]

1. d4 Nf6 2. c4 e6 3. Nc3 b6 4. Nf3 Bb7 5. Bg5 d5 6. e3 Be7 7. Bd3 Nbd7 8. O-O O-O 9. Rc1 Rc8 10. a3 dxc4 11. Bxc4 Ne4 12. Bxe7 Qxe7 13. Nxe4 Bxe4 14. Ba6 Rcd8 15. Rxc7 Qd6 16. Rc1 f5 17. Ng5 h6 18. Nxe4 fxe4 19. Qg4 Nf6 20. Qe2 e5 21. dxe5 Qxe5 22. h3 Nd7 23. b4 Kh8 24. Rfd1 Qg5 25. Qg4 Qxg4 26. hxg4 Ne5 27. Be2 Kg8 28. Rd4 Rxd4 29. exd4 Ng6 30. g3 Rd8 31. Rd1 Kf7 32. Kg2 Kf6 33. f4 exf3+ 34. Bxf3 Rc8 35. Rd3 Ke7 36. Kf2 Kd6 37. Ke3 Nf8 38. Kd2 Ne6 39. d5 Ng5 40. Bg2 Rf8 41. Ke2 Re8+ 42. Re3 Rc8 43. Kd2 Rc4 44. Rc3 Rxg4 45. Ke2 Rd4 46. Rc6+ Kd7 47. Rg6 Rg4 48. Rxg7+ Kd8 49. Kf2 Nh3+ 50. Bxh3 Rxg7 0-1

[Event "ch-Frankfurt A"]
[Site "Frankfurt Main"]
[Date "2025.04.28"]
[Round "1.35"]
[White "Schweitzer, Stefan"]
[Black "May, Franz"]
[Result "1-0"]
[WhiteElo "1833"]
[BlackElo "1794"]
[PlyCount "63"]
[EventDate "2025.04.28"]
[EventType "swiss"]
[EventRounds "7"]
[EventCountry "GER"]
[WhiteTeam "SF Frankfurt 1921"]
[BlackTeam "Freibauer Mörlenbach-Birkenau"]

1. c4 e5 2. g3 Nf6 3. Bg2 Bc5 4. Nc3 c6 5. e3 d5 6. cxd5 cxd5 7. d4 exd4 8. exd4 Bb4 9. Nge2 O-O 10. O-O Re8 11. Bg5 Bxc3 12. Nxc3 Be6 13. Bxf6 Qxf6 14. Nxd5 Bxd5 15. Bxd5 Nc6 16. Qf3 Qxf3 17. Bxf3 Nxd4 18. Bg2 Rad8 19. Rfe1 b6 20. Rxe8+ Rxe8 21. Rd1 Nc2 22. Bc6 Rc8 23. Ba4 g6 24. Rc1 Rc4 25. Bxc2 Kg7 26. Kf1 Kf6 27. Ke2 Kg5 28. Kd2 Rd4+ 29. Bd3 Rd7 30. Ke3 Kg4 31. Rc4+ Kg5 32. h4+ 1-0

[Event "ch-Frankfurt A"]
[Site "Frankfurt Main"]
[Date "2025.04.28"]
[Round "1.36"]
[White "Winter, Thomas"]
[Black "Kraft, Joshua"]
[Result "0-1"]
[WhiteElo "1627"]
[BlackElo "1771"]
[PlyCount "24"]
[EventDate "2025.04.28"]
[EventType "swiss"]
[EventRounds "7"]
[EventCountry "GER"]
[WhiteTeam "SV Oberursel"]
[BlackTeam "SC 1979 Hattersheim"]

1. e4 e6 2. Nf3 d5 3. exd5 exd5 4. Nc3 c6 5. d4 Bd6 6. Be2 Ne7 7. Bg5 O-O 8. Qd2 b5 9. O-O Qc7 10. Rfe1 Ng6 11. g3 Bg4 12. a3 Nd7 0-1

[Event "ch-Frankfurt A"]
[Site "Frankfurt Main"]
[Date "2025.04.28"]
[Round "1.42"]
[White "Shanmuganathan, Adhav"]
[Black "Nickel, Jonas"]
[Result "1/2-1/2"]
[WhiteElo "1685"]
[BlackElo "1927"]
[PlyCount "113"]
[EventDate "2025.04.28"]
[EventType "swiss"]
[EventRounds "7"]
[EventCountry "GER"]
[WhiteTeam "SV 1934 Ffm-Griesheim"]
[BlackTeam "Schachdrachen Büdingen-Wächtersb"]

1. e4 c5 2. Nf3 g6 3. d4 cxd4 4. Nxd4 Bg7 5. Nc3 Nc6 6. Be3 Nf6 7. Be2 O-O 8. Qd2 d5 9. exd5 Nxd5 10. Nxd5 Nxd4 11. Bxd4 Qxd5 12. Bxg7 Qxd2+ 13. Kxd2 Kxg7 14. Rad1 Bf5 15. Rhe1 Kf6 16. f4 Rac8 17. c3 Be6 18. Kc2 Rc7 19. g4 Rfc8 20. a3 Bd7 21. Rd4 h6 22. h4 Be6 23. g5+ Kg7 24. Rh1 Bf5+ 25. Bd3 Bxd3+ 26. Kxd3 hxg5 27. hxg5 f6 28. Re4 Rd8+ 29. Kc2 Rd5 30. Rhe1 Kf7 31. gxf6 exf6 32. Rh1 Kg7 33. Rhe1 Rf7 34. Rh1 Rh5 35. Rd1 Rh2+ 36. Rd2 Rxd2+ 37. Kxd2 g5 38. fxg5 fxg5 39. Ke3 Rc7 40. c4 Rd7 41. Rg4 Kf6 42. Ke4 Rc7 43. b3 Re7+ 44. Kf3 Rh7 45. b4 Kf5 46. c5 Rd7 47. Rg3 Rd1 48. Ke2 Rd7 49. Kf3 Rd4 50. Kf2 g4 51. Re3 Rd2+ 52. Kg3 Rd7 53. Rc3 Rh7 54. Kg2 Ke5 55. Rc4 Rg7 56. Kg3 Kd5 57. Rxg4 1/2-1/2

[Event "ch-Frankfurt A"]
[Site "Frankfurt Main"]
[Date "2025.05.05"]
[Round "2.1"]
[White "Raumanns, Niklas"]
[Black "Krause, Jonah"]
[Result "0-1"]
[WhiteElo "1850"]
[BlackElo "2361"]
[PlyCount "134"]
[EventDate "2025.04.28"]
[EventType "swiss"]
[EventRounds "7"]
[EventCountry "GER"]
[WhiteTeam "SC Bergen-Enkheim 1922"]
[BlackTeam "FC ST.Pauli 1910 eV SAbt"]

1. b3 e5 2. Bb2 Nc6 3. e3 Nf6 4. Bb5 e4 5. Ne2 a6 6. Bxc6 dxc6 7. O-O Bd6 8. Ng3 Qe7 9. d3 Bd7 10. Nd2 exd3 11. cxd3 O-O-O 12. Nde4 Nxe4 13. Nxe4 Be5 14. Bxe5 Qxe5 15. Qc2 Bf5 16. Rad1 Rhe8 17. Ng3 Bg6 18. Qc4 c5 19. d4 cxd4 20. Rxd4 Rxd4 21. exd4 Qb5 22. Qc3 f6 23. Rc1 c6 24. a4 Qd3 25. Qxd3 Bxd3 26. d5 Kc7 27. dxc6 bxc6 28. f3 Bg6 29. Kf2 a5 30. Rc3 Rd8 31. Ke2 Kb6 32. Nf1 Bf7 33. Nd2 Re8+ 34. Kf2 Bd5 35. Kf1 h6 36. Kf2 Re6 37. f4 g5 38. g3 Re8 39. fxg5 fxg5 40. Kf1 Re7 41. Kf2 Re6 42. Kf1 h5 43. Kf2 Re8 44. Kf1 h4 45. Kf2 Rf8+ 46. Ke2 h3 47. Ke3 Kc7 48. Rc5 Re8+ 49. Kf2 Ra8 50. Ke3 Kd6 51. Rc3 Rb8 52. Ne4+ Ke5 53. Nxg5 Bxb3 54. Nxh3 Kd6 55. Nf4 Bxa4 56. h4 Bb3 57. Nd3 a4 58. Nc5 Kd5 59. Kd2 Rb5 60. Nxb3 axb3 61. Kc1 c5 62. Kb2 c4 63. Rf3 Kd4 64. Rf4+ Kd3 65. Rf3+ Kd2 66. Rc3 Rb4 67. h5 Ra4 0-1

[Event "ch-Frankfurt A"]
[Site "Frankfurt Main"]
[Date "2025.05.05"]
[Round "2.2"]
[White "Neukirchner, Pascal"]
[Black "Shanawaz Thabrez, Shahzaib"]
[Result "1-0"]
[WhiteElo "2245"]
[BlackElo "1898"]
[PlyCount "111"]
[EventDate "2025.04.28"]
[EventType "swiss"]
[EventRounds "7"]
[EventCountry "GER"]
[WhiteTeam "Heilbronner SV"]
[BlackTeam "SK Langen"]

1. d4 Nf6 2. c4 e6 3. g3 d5 4. Bg2 Be7 5. Nf3 O-O 6. O-O dxc4 7. Qc2 b5 8. a4 Bb7 9. axb5 Nbd7 10. Nbd2 Nb6 11. b3 cxb3 12. Qxb3 Ne4 13. Nxe4 Bxe4 14. Bb2 Bd5 15. Qc2 f6 16. Rfc1 Rc8 17. Qd3 c5 18. bxc6 Bxc6 19. Rxa7 Nd5 20. Bh3 f5 21. Ne5 Nb4 22. Qd2 Re8 23. Rxe7 Qxe7 24. Ba3 Ba8 25. Rxc8 Rxc8 26. Bxb4 Qb7 27. f3 Rb8 28. Qa2 Qd5 29. Qxd5 Bxd5 30. Bc5 Rb2 31. Kf2 h6 32. g4 fxg4 33. Bxg4 Ra2 34. Bh5 Rb2 35. Bf7+ Kh7 36. Bg6+ Kg8 37. h4 Ra2 38. h5 Rb2 39. Bf7+ Kh7 40. Nd3 Rb7 41. Bg6+ Kg8 42. Nb4 Bc4 43. e4 Rb8 44. Ke3 Rc8 45. Kf4 Be2 46. Nc2 e5+ 47. Kxe5 Bxf3 48. Ne3 Be2 49. Nf5 Kh8 50. Kd6 Bf3 51. e5 Ra8 52. e6 Bd1 53. e7 Ba4 54. Ke6 Kg8 55. Nd6 Bb3+ 56. d5 1-0

[Event "ch-Frankfurt A"]
[Site "Frankfurt Main"]
[Date "2025.05.05"]
[Round "2.3"]
[White "Gutacker, Stephan"]
[Black "Leimeister, Erhard"]
[Result "0-1"]
[WhiteElo "1932"]
[BlackElo "2209"]
[PlyCount "56"]
[EventDate "2025.04.28"]
[EventType "swiss"]
[EventRounds "7"]
[EventCountry "GER"]
[WhiteTeam "Sfr.1932 Kelkheim"]
[BlackTeam "SV 1934 Ffm-Griesheim"]

1. e4 c5 2. c3 d5 3. exd5 Qxd5 4. d4 g6 5. Nf3 Bg7 6. Be2 cxd4 7. cxd4 Nf6 8. Nc3 Qa5 9. O-O O-O 10. Bf4 Nc6 11. a3 Rd8 12. b4 Qf5 13. Be5 Nxe5 14. Nxe5 Ne4 15. Nxe4 Qxe4 16. Bf3 Qxd4 17. Qxd4 Rxd4 18. Rfe1 Kf8 19. Rad1 Rxd1 20. Bxd1 Be6 21. f4 Rc8 22. Bf3 Bxe5 23. Rxe5 b6 24. Re3 Rc4 25. Rd3 Ke8 26. h3 a5 27. b5 Bd7 28. Bd5 Rc1+ 0-1

[Event "ch-Frankfurt A"]
[Site "Frankfurt Main"]
[Date "2025.05.05"]
[Round "2.4"]
[White "Heß, Steffen"]
[Black "Mayer, Frank"]
[Result "0-1"]
[WhiteElo "2081"]
[BlackElo "1984"]
[PlyCount "72"]
[EventDate "2025.04.28"]
[EventType "swiss"]
[EventRounds "7"]
[EventCountry "GER"]
[WhiteTeam "SC Groß-Zimmern"]
[BlackTeam "Wiesbadener SV 1885"]

1. d4 Nf6 2. Nf3 g6 3. c4 Bg7 4. Nc3 d5 5. Bg5 Ne4 6. cxd5 Nxg5 7. Nxg5 e6 8. Nf3 exd5 9. e3 O-O 10. Be2 c6 11. O-O a5 12. a3 Nd7 13. Qc2 Re8 14. b4 axb4 15. axb4 Rxa1 16. Rxa1 b5 17. Nd1 Re6 18. Nb2 Nb6 19. Nd3 Bf8 20. Nc5 Re8 21. Ne5 Qc7 22. Na6 Bxa6 23. Rxa6 Nc4 24. Bxc4 bxc4 25. Nxc6 Qb7 26. Qa4 c3 27. Ra7 Qb6 28. b5 Re6 29. g3 Rxc6 30. Ra6 c2 31. Qxc2 Rxc2 32. Rxb6 Rb2 33. g4 Kg7 34. Kg2 Bb4 35. Kf3 Be1 36. Kf4 Bxf2 0-1

[Event "ch-Frankfurt A"]
[Site "Frankfurt Main"]
[Date "2025.05.05"]
[Round "2.5"]
[White "Winand, Edgar"]
[Black "Kupriyanov, Daniel"]
[Result "0-1"]
[WhiteElo "1879"]
[BlackElo "2112"]
[PlyCount "82"]
[EventDate "2025.04.28"]
[EventType "swiss"]
[EventRounds "7"]
[EventCountry "GER"]
[WhiteTeam "SF Frankfurt 1921"]

1. g4 d5 2. h3 h5 3. d3 e5 4. g5 Ne7 5. h4 Ng6 6. Bg2 Be6 7. Nc3 Qd7 8. e4 d4 9. Nce2 Nc6 10. Bd2 O-O-O 11. a3 f5 12. exf5 Bxf5 13. Ng3 Bg4 14. f3 Be6 15. N1e2 Nce7 16. Qc1 Kb8 17. b4 Nd5 18. Qb2 Bd6 19. Ne4 Rdf8 20. c4 dxc3 21. N4xc3 Ndf4 22. Nxf4 exf4 23. Ne2 Ne5 24. Qd4 Nc6 25. Qb2 Ne5 26. Qd4 Qb5 27. O-O Ng6 28. Nc3 Qb6 29. Qxb6 axb6 30. Be1 Be5 31. Rc1 Rd8 32. Bf2 Rxd3 33. Rfe1 Bf5 34. Ne2 Rxa3 35. Bd4 Re8 36. Bxe5 Rxe5 37. Nd4 Rae3 38. Rxe3 fxe3 39. Ne2 Bd3 40. f4 Re8 41. Ng3 Nxf4 0-1

[Event "ch-Frankfurt A"]
[Site "Frankfurt Main"]
[Date "2025.05.05"]
[Round "2.6"]
[White "Cwiek, Ryszard"]
[Black "Trierweiler, Joachim"]
[Result "1-0"]
[WhiteElo "2031"]
[BlackElo "1836"]
[PlyCount "59"]
[EventDate "2025.04.28"]
[EventType "swiss"]
[EventRounds "7"]
[EventCountry "GER"]
[BlackTeam "Vorw.Orient Mainz"]

1. e4 b6 2. d4 Bb7 3. Nc3 g6 4. f4 Bg7 5. Nf3 e6 6. Bd3 Nc6 7. Be3 Nf6 8. h3 Nb4 9. O-O Nxd3 10. cxd3 O-O 11. Rc1 a6 12. g4 d5 13. e5 Nd7 14. f5 exf5 15. gxf5 Re8 16. Bg5 f6 17. Bh4 g5 18. Nxg5 fxg5 19. f6 Bxf6 20. exf6 Kh8 21. Bxg5 Rg8 22. h4 Rg6 23. Kh1 Nxf6 24. Qf3 Kg7 25. Ne2 Qd6 26. Nf4 Rf8 27. Nxg6 hxg6 28. Bxf6+ Rxf6 29. Qxf6+ Qxf6 30. Rxc7+ 1-0

[Event "ch-Frankfurt A"]
[Site "Frankfurt Main"]
[Date "2025.05.05"]
[Round "2.7"]
[White "Dolidze, David"]
[Black "Engel, Manfred"]
[Result "0-1"]
[WhiteElo "1809"]
[BlackElo "2234"]
[PlyCount "162"]
[EventDate "2025.04.28"]
[EventType "swiss"]
[EventRounds "7"]
[EventCountry "GER"]
[WhiteTeam "SC Eschborn 1974"]
[BlackTeam "SC Frankfurt-West"]

1. e4 c5 2. Nf3 Nc6 3. d4 cxd4 4. Nxd4 g6 5. Nc3 Bg7 6. Be3 Nf6 7. Bc4 O-O 8. Bb3 Re8 9. O-O d6 10. f3 Na5 11. Qd3 b6 12. Nd5 Nxb3 13. Nxb3 Nxd5 14. Qxd5 Be6 15. Qd3 Bxb2 16. Rab1 Bg7 17. c4 Rc8 18. Rfc1 Rc7 19. Rc2 Qc8 20. Rbc1 Qa6 21. Nd2 Rec8 22. Kf2 Qa4 23. Qb3 Qxb3 24. axb3 b5 25. Ra2 bxc4 26. bxc4 Ra8 27. Rb1 Bc3 28. Ra4 a5 29. Rc1 Bb4 30. Rb1 Rac8 31. Rb2 Bxc4 32. Bb6 Rb7 33. Bd4 Be6 34. Ke2 Rbc7 35. Kd3 Bd7 36. Raxb4 axb4 37. Rxb4 e5 38. Be3 f5 39. Rb6 f4 40. Bf2 Rc6 41. Rb4 Be6 42. Bh4 Kf7 43. Rb7+ R8c7 44. Rb4 Rc3+ 45. Ke2 Re3+ 46. Kd1 Ra7 47. Rb1 Rea3 48. Bf2 Rd7 49. Ke1 d5 50. Bc5 Ra8 51. exd5 Bxd5 52. h4 Rc8 53. Ba3 Ra7 54. Bd6 Ke6 55. Rb6 Rc6 56. Bc5 Rxb6 57. Bxb6 Ra1+ 58. Ke2 Rh1 59. Bd8 Kf5 60. Kf2 e4 61. fxe4+ Bxe4 62. Nc4 Bd5 63. Nb6 Be6 64. Na4 Rc1 65. Be7 Rc2+ 66. Kf1 Bd5 67. Nc5 Bxg2+ 68. Kg1 f3 69. Nd3 Ke4 70. Nf2+ Ke3 71. Bg5+ Ke2 72. Ne4 Rc4 73. Ng3+ Ke1 74. Be3 Rxh4 75. Bf2+ Kd1 76. Bc5 Rc4 77. Be7 h5 78. Kf2 h4 79. Nf1 Rc2+ 80. Kg1 Bxf1 81. Kxf1 h3 0-1

[Event "ch-Frankfurt A"]
[Site "Frankfurt Main"]
[Date "2025.05.05"]
[Round "2.8"]
[White "Rabiya, Karim"]
[Black "Rondonuwu, Grover"]
[Result "1-0"]
[WhiteElo "1801"]
[BlackElo "2011"]
[PlyCount "85"]
[EventDate "2025.04.28"]
[EventType "swiss"]
[EventRounds "7"]
[EventCountry "GER"]
[WhiteTeam "SK Niederbrechen 1948"]
[BlackTeam "Sabt Frankfurter TV 1860"]

1. e4 c5 2. Nf3 g6 3. c4 Nc6 4. d4 cxd4 5. Nxd4 Bg7 6. Be3 Nf6 7. Nc3 d6 8. Be2 O-O 9. O-O Nxd4 10. Bxd4 Bd7 11. Qd2 Bc6 12. f3 a5 13. b3 Nd7 14. Bf2 h6 15. Rab1 Kh7 16. a3 Nc5 17. b4 axb4 18. axb4 Na4 19. Bd4 Bxd4+ 20. Qxd4 Nxc3 21. Qxc3 Qb6+ 22. Kh1 Ra2 23. Bd1 Rfa8 24. Bb3 R8a3 25. b5 Bd7 26. Qc1 Qd4 27. Bxa2 Rxa2 28. Rb3 Be6 29. Qc3 Qxc4 30. Rfb1 Rc2 31. Qxc4 Bxc4 32. R3b2 Rc3 33. Kg1 e6 34. Ra1 d5 35. Ra7 d4 36. Rxb7 d3 37. Rxf7+ Kg8 38. Ra7 Rc2 39. Rxc2 dxc2 40. Ra1 Bxb5 41. Kf2 Bc4 42. Ke3 Ba2 43. Kd2 1-0

[Event "ch-Frankfurt A"]
[Site "Frankfurt Main"]
[Date "2025.05.05"]
[Round "2.10"]
[White "Schweitzer, Stefan"]
[Black "Brehme, Ralf-Peter"]
[Result "1-0"]
[WhiteElo "1833"]
[BlackElo "1964"]
[PlyCount "111"]
[EventDate "2025.04.28"]
[EventType "swiss"]
[EventRounds "7"]
[EventCountry "GER"]
[WhiteTeam "SF Frankfurt 1921"]
[BlackTeam "Vorw.Orient Mainz"]

1. c4 f5 2. g3 Nf6 3. Bg2 g6 4. Nc3 Bg7 5. b4 O-O 6. Rb1 d6 7. e3 e5 8. d3 Nc6 9. Nge2 Ne7 10. O-O g5 11. f4 g4 12. d4 e4 13. d5 c6 14. Qd2 cxd5 15. cxd5 Ng6 16. a4 h5 17. Ba3 h4 18. Rfd1 hxg3 19. hxg3 Nh5 20. Kf2 Kf7 21. Rh1 Rh8 22. Nb5 Qe7 23. Rbc1 Bd7 24. Rc7 a6 25. Nbd4 Bxd4 26. Qxd4 Nf6 27. Rxh8 Rxh8 28. Bb2 Ne8 29. Rxb7 Kf8 30. Qa7 Rh7 31. Nd4 Nh4 32. Ne6+ Kg8 33. Rxd7 Qxd7 34. Qxd7 Rxd7 35. gxh4 Nc7 36. Nd4 Rf7 37. Bf1 Kh7 38. b5 axb5 39. axb5 Kg6 40. Ba3 Ne8 41. b6 Rb7 42. Bb5 Nf6 43. Bxd6 Rxb6 44. Bc5 Rxb5 45. Nxb5 Nxd5 46. Nd6 Nf6 47. Nc4 Nh5 48. Bd4 Kf7 49. Nd2 Ke6 50. Nf1 Kd5 51. Ng3 Nxf4 52. exf4 Kxd4 53. Nxf5+ Kd3 54. h5 Kd2 55. h6 g3+ 56. Kg2 1-0

[Event "ch-Frankfurt A"]
[Site "Frankfurt Main"]
[Date "2025.05.05"]
[Round "2.11"]
[White "Kraft, Joshua"]
[Black "Zimmer, Gerald"]
[Result "0-1"]
[WhiteElo "1771"]
[BlackElo "1951"]
[PlyCount "64"]
[EventDate "2025.04.28"]
[EventType "swiss"]
[EventRounds "7"]
[EventCountry "GER"]
[WhiteTeam "SC 1979 Hattersheim"]
[BlackTeam "SC Bergen-Enkheim 1922"]

1. c4 Nf6 2. g3 g6 3. Bg2 Bg7 4. Nf3 d6 5. d4 c6 6. Nc3 Nbd7 7. e4 e5 8. dxe5 dxe5 9. O-O O-O 10. b3 Re8 11. Bb2 Qc7 12. Qc2 a5 13. Rfd1 Nc5 14. a3 Qb6 15. b4 axb4 16. axb4 Rxa1 17. Bxa1 Qxb4 18. Na2 Qb3 19. Qxb3 Nxb3 20. Bxe5 Nxe4 21. Nb4 Bg4 22. Bxg7 Kxg7 23. Rd3 Nbc5 24. Rd4 Nb3 25. Rd1 Ned2 26. Rxd2 Bxf3 27. Rd3 Re1+ 28. Bf1 Be2 29. Re3 Rxf1+ 30. Kg2 Bxc4 31. Rxb3 Rxf2+ 32. Kxf2 Bxb3 0-1

[Event "ch-Frankfurt A"]
[Site "Frankfurt Main"]
[Date "2025.05.05"]
[Round "2.12"]
[White "Fröhlich-Dill, Astrid"]
[Black "Rennhack, Peer"]
[Result "1-0"]
[WhiteElo "1781"]
[BlackElo "1949"]
[PlyCount "73"]
[EventDate "2025.04.28"]
[EventType "swiss"]
[EventRounds "7"]
[EventCountry "GER"]
[WhiteTeam "SV 1920 Hofheim"]
[BlackTeam "Sabt Frankfurter TV 1860"]

1. d4 Nf6 2. c4 g6 3. Nc3 Bg7 4. e4 d6 5. Nf3 O-O 6. Be2 c5 7. d5 Bg4 8. O-O Qb6 9. Qc2 e5 10. Be3 Bd7 11. h3 Nh5 12. Qd2 f5 13. exf5 gxf5 14. Ng5 Nf6 15. f3 f4 16. Bf2 Bf5 17. Ne6 Rf7 18. Ng5 Re7 19. Nge4 Nbd7 20. Bd3 Nxe4 21. Nxe4 Nf6 22. Nxf6+ Bxf6 23. Bxf5 Kh8 24. Kh1 Rg8 25. Rg1 Qd8 26. g4 fxg3 27. Rxg3 Rxg3 28. Bxg3 Qf8 29. Be6 Rg7 30. Qf2 Bg5 31. Rg1 Qf6 32. Qe2 Qh6 33. Qe4 Re7 34. Qf5 Be3 35. Bf2 Re8 36. Bxe3 Qxe3 37. Qf6# 1-0

[Event "ch-Frankfurt A"]
[Site "Frankfurt Main"]
[Date "2025.05.05"]
[Round "2.13"]
[White "Kumar, Naren N"]
[Black "Kuckel, Michael"]
[Result "1-0"]
[WhiteElo "1885"]
[BlackElo "1744"]
[PlyCount "73"]
[EventDate "2025.04.28"]
[EventType "swiss"]
[EventRounds "7"]
[EventCountry "GER"]
[WhiteTeam "SC 1961 König Nied"]
[BlackTeam "SC Matt im Park Ffm"]

1. c4 e5 2. g3 f5 3. Bg2 Nf6 4. d3 Be7 5. Nf3 Nc6 6. Nc3 O-O 7. Nd5 d6 8. Nxe7+ Nxe7 9. b3 c6 10. O-O h6 11. Bb2 Be6 12. Qd2 Qe8 13. c5 e4 14. Nd4 Ned5 15. cxd6 Bd7 16. e3 c5 17. Ne2 Nb4 18. d4 b6 19. dxc5 bxc5 20. Ba3 a5 21. Bxb4 cxb4 22. Rac1 Rd8 23. Rc5 Ra8 24. Rd1 Kh7 25. Nf4 Ng4 26. Qd4 Qf7 27. Rc7 Nf6 28. Bh3 Ne8 29. Rc5 Ra6 30. Qe5 g5 31. Bf1 gxf4 32. Bxa6 fxg3 33. hxg3 Qh5 34. Re1 Nf6 35. Be2 Qh3 36. Qe7+ Kg8 37. Bc4+ 1-0

[Event "ch-Frankfurt A"]
[Site "Frankfurt Main"]
[Date "2025.05.05"]
[Round "2.14"]
[White "Steigleder, Maximilian"]
[Black "Hensel, Roman"]
[Result "1-0"]
[WhiteElo "1901"]
[BlackElo "1781"]
[PlyCount "65"]
[EventDate "2025.04.28"]
[EventType "swiss"]
[EventRounds "7"]
[EventCountry "GER"]
[WhiteTeam "Sfr.1932 Kelkheim"]
[BlackTeam "SV Oberursel"]

1. e4 c5 2. f4 Nc6 3. Bb5 Nd4 4. Bc4 g6 5. c3 Nc6 6. Nf3 Bg7 7. d4 cxd4 8. cxd4 e6 9. d5 exd5 10. exd5 Qe7+ 11. Kf2 Qc5+ 12. Be3 Qxc4 13. dxc6 dxc6 14. Nbd2 Qb4 15. Re1 Ne7 16. Rc1 b6 17. Rxc6 O-O 18. Rc1 Nd5 19. Nb3 Nxe3 20. Rxe3 Qxf4 21. Qe2 Bh6 22. Re4 Qf6 23. Rc7 Bf5 24. Rec4 Rfe8 25. Qd1 Be3+ 26. Kf1 Qxb2 27. Rc2 Bxc2 28. Rxc2 Qf6 29. Re2 Red8 30. Qe1 Bh6 31. Kf2 Qc6 32. Ne5 Qc3 33. Qxc3 1-0

[Event "ch-Frankfurt A"]
[Site "Frankfurt Main"]
[Date "2025.05.05"]
[Round "2.16"]
[White "Beinrucker, Clemens"]
[Black "Fayed, Ahmed"]
[Result "1/2-1/2"]
[WhiteElo "1937"]
[BlackElo "1656"]
[PlyCount "95"]
[EventDate "2025.04.28"]
[EventType "swiss"]
[EventRounds "7"]
[EventCountry "GER"]
[WhiteTeam "SK Niederbrechen 1948"]
[BlackTeam "Sfr.1932 Kelkheim"]

1. e4 c6 2. d4 d5 3. exd5 cxd5 4. Bd3 Nc6 5. c3 Nf6 6. Bf4 g6 7. Nf3 Bg7 8. Nbd2 Bd7 9. Qe2 Rc8 10. h4 h5 11. Ne5 Ng4 12. Nxg4 Bxg4 13. f3 Bf5 14. Bxf5 gxf5 15. Nb3 e6 16. Nc5 b6 17. Nd3 Bf6 18. g3 Rg8 19. Kf2 Ke7 20. Be5 Bxe5 21. Nxe5 Nxe5 22. Qxe5 Qd6 23. Rae1 f6 24. Qxd6+ Kxd6 25. f4 a5 26. Re3 Rg7 27. Rhe1 Re7 28. R1e2 Rce8 29. a4 e5 30. fxe5+ fxe5 31. dxe5+ Rxe5 32. Rxe5 Rxe5 33. Rxe5 Kxe5 34. Ke3 f4+ 35. gxf4+ Kf5 36. Kd4 Kxf4 37. Kxd5 Kg4 38. Ke4 Kxh4 39. Kf4 Kh3 40. b4 Kg2 41. Kg5 Kf3 42. bxa5 bxa5 43. Kxh5 Ke4 44. Kg4 Kd3 45. Kf4 Kxc3 46. Ke4 Kb3 47. Kd4 Kxa4 48. Kc4 1/2-1/2

[Event "ch-Frankfurt A"]
[Site "Frankfurt Main"]
[Date "2025.05.05"]
[Round "2.18"]
[White "Rutsatz, Mario"]
[Black "Erbach, Jürgen"]
[Result "1-0"]
[WhiteElo "1913"]
[BlackElo "1669"]
[PlyCount "105"]
[EventDate "2025.04.28"]
[EventType "swiss"]
[EventRounds "7"]
[EventCountry "GER"]
[WhiteTeam "SC 1961 König Nied"]
[BlackTeam "Sfr.1932 Kelkheim"]

1. d4 c5 2. d5 e5 3. e4 d6 4. Bb5+ Nd7 5. a4 a6 6. Bd3 Be7 7. Nf3 Ngf6 8. O-O c4 9. Bxc4 Nxe4 10. Nbd2 Nef6 11. Re1 Nb6 12. c3 Nfxd5 13. Bb3 O-O 14. a5 Nxc3 15. bxc3 Nd7 16. Ne4 Nf6 17. Nxf6+ Bxf6 18. Ba3 Re8 19. Bb4 Be6 20. Ba4 Bd7 21. Bxd7 Qxd7 22. Qxd6 Qxd6 23. Bxd6 e4 24. Nd4 Rac8 25. Bb4 Rc4 26. Rad1 g6 27. g3 Bg7 28. Ne2 Bf8 29. Rd4 Rec8 30. Rxc4 Rxc4 31. Bxf8 Kxf8 32. Rb1 Ra4 33. Rxb7 Rxa5 34. Ra7 Ra1+ 35. Kg2 Ra2 36. Nf4 e3 37. Kf1 Rxf2+ 38. Ke1 g5 39. Nd5 Rc2 40. Rxa6 f5 41. Rf6+ Kg7 42. Rxf5 Kg6 43. Re5 Rxh2 44. Nxe3 h5 45. c4 h4 46. gxh4 Rxh4 47. c5 Rh8 48. c6 Rc8 49. Rc5 Kf7 50. c7 Ke6 51. Nc4 Kd7 52. Nb6+ Kd6 53. Nxc8+ 1-0

[Event "ch-Frankfurt A"]
[Site "Frankfurt Main"]
[Date "2025.05.05"]
[Round "2.19"]
[White "Ewers, Christian"]
[Black "Gärtner, Peter"]
[Result "1-0"]
[WhiteElo "1880"]
[BlackElo "1757"]
[PlyCount "89"]
[EventDate "2025.04.28"]
[EventType "swiss"]
[EventRounds "7"]
[EventCountry "GER"]
[BlackTeam "Sfr.Mainz 1928"]

1. e4 e5 2. Bc4 d6 3. d3 Nf6 4. Bg5 Be7 5. Bxf6 Bxf6 6. Nc3 c6 7. Nge2 O-O 8. Ng3 b5 9. Nxb5 cxb5 10. Bd5 Nd7 11. Bxa8 Nb6 12. Bd5 Nxd5 13. exd5 Bb7 14. c4 Qa5+ 15. Qd2 Qxd2+ 16. Kxd2 Bg5+ 17. Ke2 f5 18. b3 g6 19. a4 bxc4 20. bxc4 h5 21. Rhb1 Ba6 22. Rb4 h4 23. Nf1 Bf6 24. Rab1 Kg7 25. Nd2 Rf7 26. Rb8 Kh6 27. Nb3 e4 28. Na5 exd3+ 29. Kxd3 Rc7 30. Nc6 Be5 31. h3 f4 32. Ra8 Bc8 33. Rbb8 Bf5+ 34. Ke2 Bc2 35. Rxa7 Rxa7 36. Nxa7 Bxa4 37. Kd3 Bd7 38. f3 Bf5+ 39. Ke2 Bd4 40. Nb5 Be5 41. Rd8 Bc2 42. Nxd6 Bf6 43. Re8 Bd4 44. Nb5 Ba4 45. d6 1-0

[Event "ch-Frankfurt A"]
[Site "Frankfurt Main"]
[Date "2025.05.05"]
[Round "2.21"]
[White "Anthes, Niklas"]
[Black "Koellner, Ulrich"]
[Result "1/2-1/2"]
[WhiteElo "1889"]
[BlackElo "1831"]
[PlyCount "57"]
[EventDate "2025.04.28"]
[EventType "swiss"]
[EventRounds "7"]
[EventCountry "GER"]
[WhiteTeam "SC Bad Soden"]
[BlackTeam "SV 1920 Hofheim"]

1. f4 d5 2. Nf3 Nf6 3. e3 g6 4. c4 c6 5. cxd5 cxd5 6. d4 Bg7 7. Nc3 O-O 8. Bd3 Nc6 9. a3 a6 10. O-O e6 11. Bd2 Bd7 12. Qe2 Na5 13. b4 Nb3 14. Rab1 Nxd2 15. Qxd2 Qe7 16. Rfc1 Rfc8 17. Ne5 Be8 18. Qd1 Nd7 19. Nxd7 Bxd7 20. Na4 Bxa4 21. Qxa4 b5 22. Qd1 Qd6 23. Rc5 Bf8 24. Rxc8 Rxc8 25. a4 Qc6 26. axb5 axb5 27. Rb2 Ra8 28. Qe2 Qc3 29. Rc2 1/2-1/2